000 00276nam a22001217a 4500
008 170714b xxu||||| |||| 00| 0 eng d
041 _aeng
080 _a82
100 _a22
101 _aGJL
245 _aBASIC WRITINGS OF SAINT THOMAS AQUINAS
_cPEGIS,A.C
942 _2udc
_cBK
999 _c20806
_d20806